000 00398nam a2200145Ia 4500
005 20250518143112.0
008 250516s9999 xx 000 0 und d
020 _a9780393713503
082 _a303.375
_bHOB
100 _aHobbs, Renee
245 0 _aMind Over Media: Propaganda Education For A Digital Age
260 _bW W Norton
_c2020
650 _aMass media and propaganda
942 _cENGLISH
999 _c571188
_d571188